Au ciment la brume (Record no. 13968)

MARC details
010 ## - Numéro international normalisé du livre (ISBN)
ISBN 9782846817295
Disponibilité et/ou prix 15 EUR
099 ## - Visibilité opac
notice masquée en opac Non
100 ## - Données générales de traitement
Données générales de traitement 20251029d2025 m y0frey50 ba
101 0# - Langue de la ressource
Langue du texte, de la bande son, etc. français
102 ## - Pays de publication ou de production
Pays de publication France
200 1# - Titre et mention de responsabilité
Titre propre Au ciment la brume
Indication générale du type de document Livre
214 #0 - Mentions de production, publication, diffusion et manufacture
Nom de l’éditeur Editions Les Solitaires Intempestifs
Date de publication 2025
214 #3 - Mentions de production, publication, diffusion et manufacture
Nom de l’éditeur Impr. Présence graphique
215 ## - Description physique
Nombre de pages 1 vol. (200 p.)
225 1# - Collection
Titre de la collection Collection bleue
323 ## - Nombre de personnages
Texte de la note 9 personnages
330 ## - Résumé ou extrait
Texte de la note Arthur, étudiant-journaliste, revient dans la petite ville-dortoir où vit sa mère Miriam pour enquêter sur d étranges disparitions survenues vingt ans plus tôt, lorsqu il était enfant. Selon lui, ces disparitions, et notamment celle de son père, seraient liées à l explosion d une centrale nucléaire implantée dans la forêt voisine. Arthur retrouve une population mutique, affaiblie, ainsi qu une jeunesse désSuvrée qui dérive, sans mémoire ni projets d avenir. Alors que le dôme recouvrant la centrale se fissure dans ses rêves, une brume émane de la terre. Une brume peuplée de fantômes. "Au ciment la brume" est ainsi une pièce sur la mélancolie. Le fantôme, c est la mélancolie qui prend forme humaine : c est le passé qui s impose dans le présent. Mais c'est aussi une pièce sur la réalité : la théorie d'Arthur n'est-elle qu'une affabulation ? À mesure que le temps passe, le passé s obscurcit, et il devient plus facile de le réinventer, dans un sens comme dans l'autre. Comment savoir, alors, quelle était la véritable histoire ? Et si on ne connaît pas notre passé, comment comprendre notre présent ?
700 ## - Auteur principal
Nom Girard-Michelotti
Prénom Nicolas
105 ## - Zone de données codées : textes, monographies
Données codées sur les monographies textuelles ||||z 00|||
181 #0 - Zone de données codées : Forme de la ressource
Données de liaison entre champs 01
Forme du contenu selon l’ISBD sous forme codée i
Qualificatif(s) du contenu selon l’ISBD sous forme codée xxxe
181 ## - Zone de données codées : Forme de la ressource
Données de liaison entre champs 02
Autre référentiel utilisé pour coder la forme du contenu texte
Code du référentiel rdacontent
182 #0 - Zone de données codées : type de média
Données de liaison entre champs 01
Type de médiation selon l’ISBD sous forme codée sans média
182 ## - Zone de données codées : type de média
Données de liaison entre champs 02
Autre référentiel utilisé pour coder le type de médiation sans média
Code du référentiel rdamedia
214 #0 - Mentions de production, publication, diffusion et manufacture
Lieu de publication, production, distribution/diffusion, fabrication Besançon
214 #3 - Mentions de production, publication, diffusion et manufacture
Lieu de publication, production, distribution/diffusion, fabrication 37-Monts
215 ## - Description physique
Dimensions 20 cm
700 ## - Auteur principal
Eléments ajoutés aux noms autres que les dates Auteur du texte
801 #0 - Origine de la notice
Pays FR
Agence de catalogage FR-751131015
Date de la transaction 20251029
Règles de catalogage utilisées AFNOR
Identifiant d'origine FRBNF486358180000007
Code du format utilisé intermrc
856 #2 - Adresse électronique et mode d’accès
Uniform Resource Identifier 1130787
Numéro d'accès Première de couverture
856 #2 - Adresse électronique et mode d’accès
Uniform Resource Identifier 1130951
Numéro d'accès Quatrième de couverture
000 -Etiquette de la notice
Leader 02226nam a2200385 4500
003 - Identifiant de la notice
Identifiant http://catalogue.bnf.fr/ark:/12148/cb48635818q
005 - Identifiant de la version
Identifiant 20251204163123.0
073 #0 - EAN
Numéro normalisé 9782846817295
Holdings
Exclu du prêt Date de création Site actuel Code barre Date prix de remplacement Cote Date de restitution prévue Statut Site de rattachement Type de document Koha
  04.12.2025 Théâtre Joliette JOL-007669 04.12.2025 TH GIR 9 22.01.2026   Théâtre Joliette Livre